000 00540cam a22002051 4500
001 sa 64006950
003 DLC
005 20260227112043.0
008 890724m19541965ii c 000 0 beno
010 _asa 64006950
035 _a(OCoLC)20060013
040 _aDLC
_cWaU
_dDLC
042 _apremarc
050 0 0 _aPK1718
_b.C45 1954
100 1 _aCaṭṭopādhyāya, Śaratcandra,
_d1876-1938.
245 1 0 _aŚarat̲-sāhitya-saṃgraha.
260 _c[1954-65; v. 1, 1961]
300 _a13 v.
_bports.
_c25 cm.
500 _aIn Bengali.
999 _c59961
_d59961